[Event "Stay Safe Play From Home 177"]
[Site "T#646359Emanuel Laske"]
[Date "2020.05.26"]
[Round "6"]
[White "Feldmaus"]
[Black "Tvtower68"]
[Result "0-1"]
[WhiteElo "1825"]
[BlackElo "1779"]
[Annotator "NA"]
[PlyCount "60"]
[EventDate "2020.05.26"]
[EventType "swiss (blitz)"]

1. d4 {[%emt 0:00:35]} d5 {[%emt 0:00:04]} 2. Nf3 {[%emt 0:00:02]} Nf6 {[%emt 0:00:01]} 3. c3 {[%emt 0:00:03]} Bf5 {[%emt 0:00:01]} 4. Bg5 {[%emt 0:00:01]} e6 {[%emt 0:00:03]} 5. Nbd2 {[%emt 0:00:02]} Be7 {[%emt 0:00:01]} 6. Qb3 {[%emt 0:00:01]} b6 {[%emt 0:00:02]} 7. Ne5 {[%emt 0:00:02]} h6 {[%emt 0:00:02]} 8. Bh4 {[%emt 0:00:02]} O-O {[%emt 0:00:02]} 9. e3 {[%emt 0:00:02]} a6 {[%emt 0:00:02]} 10. Be2 {[%emt 0:00:03]} b5 {[%emt 0:00:01]} 11. O-O {[%emt 0:00:02]} Nfd7 {[%emt 0:00:06]} 12. Bxe7 {[%emt 0:00:03]} Qxe7 {[%emt 0:00:01]} 13. f4 {[%emt 0:00:02]} f6 {[%emt 0:00:05]} 14. Nxd7 {[%emt 0:00:09]} Nxd7 {[%emt 0:00:02]} 15. Bf3 {[%emt 0:00:04]} Nb6 {[%emt 0:00:01]} 16. e4 {[%emt 0:00:04]} dxe4 {[%emt 0:00:08]} 17. Nxe4 {[%emt 0:00:04]} Nc4 {[%emt 0:00:08]} 18. Nc5 {[%emt 0:00:19]} Ra7 {[%emt 0:00:17]} 19. Rfe1 {[%emt 0:00:20]} Nd2 {[%emt 0:00:04]} 20. Qd1 {[%emt 0:00:07]} Nxf3+ {[%emt 0:00:15]} 21. Qxf3 {[%emt 0:00:00]} a5 {[%emt 0:00:07]} 22. g4 {[%emt 0:00:02]} Bg6 {[%emt 0:00:09]} 23. Rxe6 {[%emt 0:00:06]} Qd8 {[%emt 0:00:18]} 24. Rae1 {[%emt 0:00:03]} Bf7 {[%emt 0:00:03]} 25. Re7 {[%emt 0:00:04]} Bd5 {[%emt 0:00:04]} 26. Qg3 {[%emt 0:00:03]} b4 {[%emt 0:00:09]} 27. g5 {[%emt 0:00:02]} fxg5 {[%emt 0:00:11]} 28. fxg5 {[%emt 0:00:02]} Rf3 {[%emt 0:00:02]} 29. Rxg7+ {[%emt 0:00:04]} Kxg7 {[%emt 0:00:06]} 30. gxh6+ {[%emt 0:00:01]} Kxh6 {[%emt 0:00:12] Feldmaus gibt auf (Lag: Av=0.37s, max=0.7s)} 0-1

[Event "Stay Safe Play From Home 177"]
[Site "T#646359Emanuel Laske"]
[Date "2020.05.26"]
[Round "6"]
[White "Haris kollari 13"]
[Black "Greblah"]
[Result "1-0"]
[WhiteElo "1796"]
[BlackElo "1803"]
[Annotator "NA"]
[PlyCount "107"]
[EventDate "2020.05.26"]
[EventType "swiss (blitz)"]

1. e4 {[%emt 0:00:16]} c6 {[%emt 0:00:00]} 2. d4 {[%emt 0:00:02]} d5 {[%emt 0:00:00]} 3. e5 {[%emt 0:00:00]} Bf5 {[%emt 0:00:02]} 4. f4 {[%emt 0:00:01]} e6 {[%emt 0:00:01]} 5. c3 {[%emt 0:00:01]} c5 {[%emt 0:00:02]} 6. Bd3 {[%emt 0:00:01]} Bxd3 {[%emt 0:00:02]} 7. Qxd3 {[%emt 0:00:01]} Nc6 {[%emt 0:00:03]} 8. Ne2 {[%emt 0:00:03]} Nge7 {[%emt 0:00:02]} 9. Nd2 {[%emt 0:00:03]} g6 {[%emt 0:00:02]} 10. Nf3 {[%emt 0:00:01]} h5 {[%emt 0:00:03]} 11. Be3 {[%emt 0:00:02]} cxd4 {[%emt 0:00:03]} 12. cxd4 {[%emt 0:00:01]} Nf5 {[%emt 0:00:01]} 13. Bf2 {[%emt 0:00:01]} Bb4+ {[%emt 0:00:02]} 14. Nc3 {[%emt 0:00:02]} Qa5 {[%emt 0:00:11]} 15. O-O {[%emt 0:00:02]} O-O {[%emt 0:00:02]} 16. a3 {[%emt 0:00:01]} Bxc3 {[%emt 0:00:05]} 17. bxc3 {[%emt 0:00:01]} Rac8 {[%emt 0:00:07]} 18. Rfb1 {[%emt 0:00:08]} b6 {[%emt 0:00:04]} 19. h3 {[%emt 0:00:05]} Nce7 {[%emt 0:00:07]} 20. Be1 {[%emt 0:00:05]} Qa4 {[%emt 0:00:10]} 21. Rb4 {[%emt 0:00:05]} Qc6 {[%emt 0:00:02]} 22. g4 {[%emt 0:00:05]} Ng7 {[%emt 0:00:01]} 23. a4 {[%emt 0:00:07]} Rb8 {[%emt 0:00:16]} 24. Rab1 {[%emt 0:00:07]} a5 {[%emt 0:00:14]} 25. Rb5 {[%emt 0:00:01]} Rfc8 {[%emt 0:00:16]} 26. Ng5 {[%emt 0:00:02]} Rc7 {[%emt 0:00:14]} 27. Bd2 {[%emt 0:00:02]} Nc8 {[%emt 0:00:24]} 28. Kh2 {[%emt 0:00:09]} Na7 {[%emt 0:00:02]} 29. R5b2 {[%emt 0:00:08]} Qxa4 {[%emt 0:00:02]} 30. Rxb6 {[%emt 0:00:01]} Rxb6 {[%emt 0:00:02]} 31. Rxb6 {[%emt 0:00:01]} Nc6 {[%emt 0:00:23]} 32. Qb5 {[%emt 0:00:10]} Qxb5 {[%emt 0:00:28]} 33. Rxb5 {[%emt 0:00:01]} hxg4 {[%emt 0:00:04]} 34. hxg4 {[%emt 0:00:02]} Ra7 {[%emt 0:00:07]} 35. Bc1 {[%emt 0:00:03]} Ne8 {[%emt 0:00:06]} 36. Ba3 {[%emt 0:00:05]} Nc7 {[%emt 0:00:04]} 37. Rc5 {[%emt 0:00:01]} Ra6 {[%emt 0:00:04]} 38. Nf3 {[%emt 0:00:08]} Kg7 {[%emt 0:00:04]} 39. Nd2 {[%emt 0:00:02]} f6 {[%emt 0:00:02]} 40. Kg3 {[%emt 0:00:02]} fxe5 {[%emt 0:00:03]} 41. fxe5 {[%emt 0:00:02]} Kf7 {[%emt 0:00:05]} 42. Nf3 {[%emt 0:00:01]} Rb6 {[%emt 0:00:07]} 43. Kf4 {[%emt 0:00:09]} Na6 {[%emt 0:00:02]} 44. Ng5+ {[%emt 0:00:04]} Kg8 {[%emt 0:00:03]} 45. Nxe6 {[%emt 0:00:03]} Nxc5 {[%emt 0:00:01]} 46. Bxc5 {[%emt 0:00:01]} Rb3 {[%emt 0:00:02]} 47. Nc7 {[%emt 0:00:04]} Rxc3 {[%emt 0:00:02]} 48. Nxd5 {[%emt 0:00:01]} Rc4 {[%emt 0:00:04]} 49. Ke4 {[%emt 0:00:01]} Nb4 {[%emt 0:00:02]} 50. Nb6 {[%emt 0:00:15]} Na6 {[%emt 0:00:03]} 51. Nxc4 {[%emt 0:00:02]} Nxc5+ {[%emt 0:00:01]} 52. dxc5 {[%emt 0:00:01]} Kf7 {[%emt 0:00:01]} 53. Nxa5 {[%emt 0:00:02]} Ke6 {[%emt 0:00:01]} 54. Nc4 {[%emt 0:00:01] Greblah gibt auf (Lag: Av=0.31s, max=0.7s)} 1-0

[Event "Stay Safe Play From Home 177"]
[Site "T#646359Emanuel Laske"]
[Date "2020.05.26"]
[Round "6"]
[White "matanant"]
[Black "Kongle"]
[Result "0-1"]
[WhiteElo "1676"]
[BlackElo "1773"]
[Annotator "NA"]
[PlyCount "64"]
[EventDate "2020.05.26"]
[EventType "swiss (blitz)"]

1. e4 {[%emt 0:00:03]} e5 {[%emt 0:00:03]} 2. f4 {[%emt 0:00:04]} d5 {[%emt 0:00:04]} 3. Nf3 {[%emt 0:00:03]} dxe4 {[%emt 0:00:02]} 4. Nxe5 {[%emt 0:00:04]} Bd6 {[%emt 0:00:06]} 5. Bc4 {[%emt 0:00:03]} Nh6 {[%emt 0:00:08]} 6. O-O {[%emt 0:00:03]} O-O {[%emt 0:00:02]} 7. Qe2 {[%emt 0:00:03]} Bf5 {[%emt 0:00:18]} 8. Nc3 {[%emt 0:00:04]} Nc6 {[%emt 0:00:05]} 9. g4 {[%emt 0:00:17]} Bxe5 {[%emt 0:00:04]} 10. gxf5 {[%emt 0:00:04]} Bd4+ {[%emt 0:00:08]} 11. Kh1 {[%emt 0:00:03]} Nxf5 {[%emt 0:00:11]} 12. Qxe4 {[%emt 0:00:07]} g6 {[%emt 0:00:21]} 13. Ne2 {[%emt 0:01:29]} Qh4 {[%emt 0:00:09]} 14. c3 {[%emt 0:00:08]} Bg7 {[%emt 0:00:10]} 15. d4 {[%emt 0:00:02]} Rfe8 {[%emt 0:00:07]} 16. Qf3 {[%emt 0:00:03]} Na5 {[%emt 0:00:10]} 17. Bd3 {[%emt 0:00:05]} b5 {[%emt 0:00:19]} 18. Bxb5 {[%emt 0:00:09]} c6 {[%emt 0:00:08]} 19. Bd3 {[%emt 0:00:04]} Rab8 {[%emt 0:00:06]} 20. b4 {[%emt 0:00:04]} Nb7 {[%emt 0:00:06]} 21. Bxf5 {[%emt 0:00:06]} gxf5 {[%emt 0:00:03]} 22. Bd2 {[%emt 0:00:18]} Re6 {[%emt 0:00:07]} 23. Be1 {[%emt 0:00:15]} Qh6 {[%emt 0:00:05]} 24. Rg1 {[%emt 0:00:01]} Kh8 {[%emt 0:00:02]} 25. Ng3 {[%emt 0:00:02]} Qf6 {[%emt 0:00:12]} 26. Bf2 {[%emt 0:00:00]} Bh6 {[%emt 0:00:06]} 27. Nh5 {[%emt 0:00:02]} Qe7 {[%emt 0:00:01]} 28. Ng3 {[%emt 0:00:02]} Re8 {[%emt 0:00:03]} 29. Qh5 {[%emt 0:00:01]} Rg6 {[%emt 0:00:20]} 30. Nxf5 {[%emt 0:00:01]} Qe4+ {[%emt 0:00:02]} 31. Qf3 {[%emt 0:00:04]} Qxf3+ {[%emt 0:00:02]} 32. Rg2 {[%emt 0:00:00]} Qxg2# {[%emt 0:00:01] (Lag: Av=0.91s, max=3.0s)} 0-1

[Event "Stay Safe Play From Home 177"]
[Site "T#646359Emanuel Laske"]
[Date "2020.05.26"]
[Round "7"]
[White "Don59as"]
[Black "Haris kollari 13"]
[Result "1-0"]
[WhiteElo "2071"]
[BlackElo "1813"]
[Annotator "NA RC"]
[PlyCount "59"]
[EventDate "2020.05.26"]
[EventType "swiss (blitz)"]

1. c4 {[%emt 0:00:03]} b6 {[%emt 0:00:08]} 2. Nc3 {[%emt 0:00:02]} Bb7 {[%emt 0:00:01]} 3. e4 {[%emt 0:00:01]} g6 {[%emt 0:00:02]} 4. g3 {[%emt 0:00:01]} Bg7 {[%emt 0:00:01]} 5. Nge2 {[%emt 0:00:01]} Nc6 {[%emt 0:00:02]} 6. Bg2 {[%emt 0:00:01]} h5 {[%emt 0:00:03]} 7. h3 {[%emt 0:00:01]} d6 {[%emt 0:00:01]} 8. O-O {[%emt 0:00:01]} Qd7 {[%emt 0:00:01]} 9. d4 {[%emt 0:00:02]} e5 {[%emt 0:00:04]} 10. Be3 {[%emt 0:00:03]} exd4 {[%emt 0:00:02]} 11. Nxd4 {[%emt 0:00:00]} Nge7 {[%emt 0:00:04]} 12. Re1 {[%emt 0:00:14]} Ne5 {[%emt 0:00:01]} 13. b3 {[%emt 0:00:05]} O-O-O {[%emt 0:00:02]} 14. f4 {[%emt 0:00:03]} N5c6 {[%emt 0:00:02]} 15. Nd5 {[%emt 0:00:02]} Nxd4 {[%emt 0:00:08]} 16. Bxd4 {[%emt 0:00:04]} Bxd4+ {[%emt 0:00:04]} 17. Qxd4 {[%emt 0:00:03]} Bxd5 {[%emt 0:00:01]} 18. cxd5 {[%emt 0:00:05]} Kb8 {[%emt 0:00:02]} 19. a4 {[%emt 0:00:09]} Rhf8 {[%emt 0:00:11]} 20. Bf1 {[%emt 0:00:08]} f5 {[%emt 0:00:07]} 21. Bb5 {[%emt 0:00:03]} Qc8 {[%emt 0:00:03]} 22. a5 {[%emt 0:00:03]} fxe4 {[%emt 0:00:03]} 23. Rxe4 {[%emt 0:00:22]} Nf5 {[%emt 0:00:03]} 24. Qd3 {[%emt 0:00:01]} Rf7 {[%emt 0:00:09]} 25. Rc4 {[%emt 0:00:06]} Re7 {[%emt 0:00:07]} 26. axb6 {[%emt 0:00:01]} Re3 {[%emt 0:00:10]} 27. bxa7+ {[%emt 0:00:02]} Kb7 {[%emt 0:00:05]} 28. Bc6+ {[%emt 0:00:07]} Kb6 {[%emt 0:00:01]} 29. Rb4+ {[%emt 0:00:03]} Kc5 {[%emt 0:00:03]} 30. Qc4# {[%emt 0:00:01] (Lag: Av=0.49s, max=1.1s)} 1-0

[Event "Stay Safe Play From Home 177"]
[Site "T#646359Emanuel Laske"]
[Date "2020.05.26"]
[Round "7"]
[White "Lazieri3"]
[Black "Haxhi Baha"]
[Result "1/2-1/2"]
[WhiteElo "2016"]
[BlackElo "1993"]
[Annotator "TA"]
[PlyCount "105"]
[EventDate "2020.05.26"]
[EventType "swiss (blitz)"]

{[%evp 11,104,-8,-5,-14,-20,-28,-7,-7,4,-4,9,7,13,4,11,-8,16,0,32,33,28,40,42,34,33,16,13,-1,0,-4,-8,-8,-12,-54,0,0,0,-14,10,10,10,0,10,10,83,83,84,90,92,95,116,113,116,79,162,154,164,164,221,154,154,154,144,0,0,0,0,0,0,0,0,0,0,0,0,0,0,0,0,0,0,0,0,0,0,0,0,0,0,0,0,0,0,0,0]} 1. e4 e6 2. d4 d5 3. exd5 exd5 4. Bf4 Bd6 5. Bxd6 Qxd6 6. c3 Nf6 7. Nf3 {C01: French: Exchange Variation.} O-O 8. Be2 Re8 9. O-O Bg4 10. Nbd2 {[%cal Bb1d2,Bd2f1,Bf1g3][%mdl 32]} Nbd7 11. Re1 c5 12. h3 Bh5 {[#]} 13. Nf1 $146 ({Predecessor:} 13. dxc5 Nxc5 14. Nb3 Nce4 15. Bd3 Rad8 16. Bxe4 Nxe4 17. Qd3 Bg6 18. Qd4 b6 19. Rad1 {½-½ (52) Martinelli,R-Cuitino,E Punta del Este 2014}) 13... Ne4 14. N3d2 Bg6 15. Nxe4 dxe4 16. dxc5 Qxd1 17. Raxd1 Nxc5 18. Ng3 h6 19. Bb5 {And now b4 would win.} Red8 20. Rxd8+ Rxd8 21. b4 Nd3 22. Bxd3 (22. Rd1 {is more complex.} Kf8 23. Kf1 Ke7 24. Bxd3 exd3 25. f4) 22... Rxd3 (22... exd3 $15 23. Nf1 Rc8) 23. Nxe4 $11 {[%mdl 4096] Endgame KRB-KRN} b6 24. a4 Bxe4 25. Rxe4 Rxc3 {KR-KR} 26. Re8+ Kh7 27. Re7 a5 (27... Rc1+ $11 28. Kh2 Rc4) 28. bxa5 $16 bxa5 29. Re5 Ra3 30. Rxa5 Kg6 31. g3 f5 32. Kg2 Kf6 {[#]} (32... Kg5 $16 {was necessary.} 33. Ra7 Kf6) 33. Ra7 $1 $18 h5 34. h4 g6 (34... f4 $142 35. gxf4 Ra1) 35. a5 f4 36. gxf4 Kf5 {[#]} 37. a6 ({White has to play} 37. Ra6 $1 $16) 37... Kxf4 $11 {The position is equal.} 38. Ra8 Kg4 39. a7 Kxh4 40. Rg8 Rxa7 41. Rxg6 Ra4 42. Rg8 Ra3 43. f4 Ra4 44. Kf3 Kh3 45. f5 h4 46. f6 (46. Re8 {is interesting.} Kh2 47. Re2+ Kh3 48. Re6 Ra2 49. Rb6) 46... Ra1 47. Kf4 Rf1+ 48. Ke5 Kh2 49. Ke6 h3 50. f7 Kh1 51. f8=Q Rxf8 52. Rxf8 h2 53. Rg8 {Accuracy: White = 88%, Black = 83%.} 1/2-1/2

[Event "Stay Safe Play From Home 177"]
[Site "T#646359Emanuel Laske"]
[Date "2020.05.26"]
[Round "7"]
[White "Tunca"]
[Black "Greblah"]
[Result "0-1"]
[WhiteElo "1812"]
[BlackElo "1786"]
[Annotator "NA RC"]
[PlyCount "130"]
[EventDate "2020.05.26"]
[EventType "swiss (blitz)"]

1. e4 {[%emt 0:00:01]} c6 {[%emt 0:00:01]} 2. d4 {[%emt 0:00:01]} d5 {[%emt 0:00:00]} 3. Nc3 {[%emt 0:00:03]} dxe4 {[%emt 0:00:01]} 4. Nxe4 {[%emt 0:00:00]} Nf6 {[%emt 0:00:01]} 5. Ng3 {[%emt 0:00:01]} Bg4 {[%emt 0:00:02]} 6. Be2 {[%emt 0:00:03]} Bxe2 {[%emt 0:00:01]} 7. N1xe2 {[%emt 0:00:01]} e6 {[%emt 0:00:00]} 8. O-O {[%emt 0:00:02]} Bd6 {[%emt 0:00:01]} 9. Nf4 {[%emt 0:00:07]} Qc7 {[%emt 0:00:03]} 10. Nd3 {[%emt 0:00:08]} O-O {[%emt 0:00:01]} 11. Qf3 {[%emt 0:00:08]} Nbd7 {[%emt 0:00:01]} 12. Re1 {[%emt 0:00:03]} e5 {[%emt 0:00:05]} 13. dxe5 {[%emt 0:00:02]} Nxe5 {[%emt 0:00:01]} 14. Nxe5 {[%emt 0:00:03]} Bxe5 {[%emt 0:00:01]} 15. c3 {[%emt 0:00:35]} Rae8 {[%emt 0:00:06]} 16. Be3 {[%emt 0:00:02]} Nd5 {[%emt 0:00:05]} 17. Bc5 {[%emt 0:00:05]} Bd6 {[%emt 0:00:03]} 18. Bxd6 {[%emt 0:00:02]} Qxd6 {[%emt 0:00:02]} 19. Nf5 {[%emt 0:00:03]} Qf6 {[%emt 0:00:14]} 20. Rad1 {[%emt 0:00:15]} g6 {[%emt 0:00:30]} 21. Nh6+ {[%emt 0:00:09]} Kg7 {[%emt 0:00:01]} 22. Ng4 {[%emt 0:00:14]} Qxf3 {[%emt 0:00:04]} 23. gxf3 {[%emt 0:00:00]} f5 {[%emt 0:00:28]} 24. Ne5 {[%emt 0:00:03]} Re7 {[%emt 0:00:10]} 25. Nd3 {[%emt 0:00:04]} Rfe8 {[%emt 0:00:03]} 26. Kf1 {[%emt 0:00:03]} Kf6 {[%emt 0:00:04]} 27. Nc5 {[%emt 0:00:11]} b6 {[%emt 0:00:05]} 28. Nd3 {[%emt 0:00:07]} c5 {[%emt 0:00:08]} 29. Rxe7 {[%emt 0:00:09]} Nxe7 {[%emt 0:00:07]} 30. Nf4 {[%emt 0:00:02]} g5 {[%emt 0:00:09]} 31. Nh5+ {[%emt 0:00:15]} Kg6 {[%emt 0:00:11]} 32. Ng3 {[%emt 0:00:03]} Nc8 {[%emt 0:00:17]} 33. Rd5 {[%emt 0:00:24]} Rf8 {[%emt 0:00:05]} 34. Ke2 {[%emt 0:00:22]} h5 {[%emt 0:00:02]} 35. Kd3 {[%emt 0:00:01]} h4 {[%emt 0:00:01]} 36. Ne2 {[%emt 0:00:01]} Rf6 {[%emt 0:00:07]} 37. c4 {[%emt 0:00:05]} Rd6 {[%emt 0:00:01]} 38. Nc3 {[%emt 0:00:01]} a6 {[%emt 0:00:05]} 39. Na4 {[%emt 0:00:06]} Rxd5+ {[%emt 0:00:03]} 40. cxd5 {[%emt 0:00:00]} Kf6 {[%emt 0:00:03]} 41. Kc4 {[%emt 0:00:09]} b5+ {[%emt 0:00:08]} 42. Kxc5 {[%emt 0:00:03]} bxa4 {[%emt 0:00:01]} 43. Kc6 {[%emt 0:00:01]} Ke5 {[%emt 0:00:03]} 44. b4 {[%emt 0:00:04]} axb3 {[%emt 0:00:02]} 45. axb3 {[%emt 0:00:00]} Ne7+ {[%emt 0:00:01]} 46. Kb6 {[%emt 0:00:02]} Nxd5+ {[%emt 0:00:01]} 47. Kxa6 {[%emt 0:00:00]} Kf4 {[%emt 0:00:02]} 48. Kb5 {[%emt 0:00:02]} Kxf3 {[%emt 0:00:04]} 49. Kc5 {[%emt 0:00:00]} Nc3 {[%emt 0:00:03]} 50. b4 {[%emt 0:00:00]} Kxf2 {[%emt 0:00:02]} 51. Kc4 {[%emt 0:00:01]} Na4 {[%emt 0:00:02]} 52. b5 {[%emt 0:00:00]} g4 {[%emt 0:00:04]} 53. Kb4 {[%emt 0:00:01]} Nb6 {[%emt 0:00:01]} 54. Kc5 {[%emt 0:00:00]} Na8 {[%emt 0:00:02]} 55. Kc6 {[%emt 0:00:01]} g3 {[%emt 0:00:01]} 56. hxg3 {[%emt 0:00:02]} hxg3 {[%emt 0:00:02]} 57. Kb7 {[%emt 0:00:00]} g2 {[%emt 0:00:01]} 58. Kxa8 {[%emt 0:00:01]} g1=Q {[%emt 0:00:01]} 59. b6 {[%emt 0:00:00]} Qb1 {[%emt 0:00:02]} 60. b7 {[%emt 0:00:01]} f4 {[%emt 0:00:01]} 61. b8=Q {[%emt 0:00:01]} Qxb8+ {[%emt 0:00:01]} 62. Kxb8 {[%emt 0:00:00]} Ke3 {[%emt 0:00:01]} 63. Kc7 {[%emt 0:00:01]} f3 {[%emt 0:00:01]} 64. Kd6 {[%emt 0:00:00]} f2 {[%emt 0:00:01]} 65. Ke5 {[%emt 0:00:00]} f1=Q {[%emt 0:00:01] Tunca resigns (Lag: Av=0.30s, max=0.4s)} 0-1

[Event "Stay Safe Play From Home 177"]
[Site "T#646359Emanuel Laske"]
[Date "2020.05.26"]
[Round "7"]
[White "Tvtower68"]
[Black "Opalus"]
[Result "0-1"]
[WhiteElo "1798"]
[BlackElo "2112"]
[Annotator "NA RC"]
[PlyCount "52"]
[EventDate "2020.05.26"]
[EventType "swiss (blitz)"]

1. e4 {[%emt 0:00:03]} e6 {[%emt 0:00:02]} 2. Nf3 {[%emt 0:00:01]} d5 {[%emt 0:00:03]} 3. e5 {[%emt 0:00:01]} c5 {[%emt 0:00:03]} 4. a3 {[%emt 0:00:01]} Nc6 {[%emt 0:00:03]} 5. b4 {[%emt 0:00:01]} Qc7 {[%emt 0:00:05]} 6. Bb2 {[%emt 0:00:11]} cxb4 {[%emt 0:00:07]} 7. axb4 {[%emt 0:00:01]} Bxb4 {[%emt 0:00:02]} 8. c3 {[%emt 0:00:01]} Be7 {[%emt 0:00:03]} 9. d4 {[%emt 0:00:01]} f6 {[%emt 0:00:04]} 10. Na3 {[%emt 0:00:03]} fxe5 {[%emt 0:00:03]} 11. Nb5 {[%emt 0:00:01]} Qb8 {[%emt 0:00:03]} 12. dxe5 {[%emt 0:00:05]} Nxe5 {[%emt 0:00:03]} 13. Nxe5 {[%emt 0:00:10]} Qxe5+ {[%emt 0:00:00]} 14. Be2 {[%emt 0:00:02]} Nf6 {[%emt 0:00:03]} 15. c4 {[%emt 0:00:24]} Qxb2 {[%emt 0:00:08]} 16. Nc7+ {[%emt 0:00:01]} Kd8 {[%emt 0:00:03]} 17. Nxa8 {[%emt 0:00:02]} Bb4+ {[%emt 0:00:07]} 18. Kf1 {[%emt 0:00:02]} Ne4 {[%emt 0:00:01]} 19. cxd5 {[%emt 0:00:10]} Rf8 {[%emt 0:00:22]} 20. dxe6+ {[%emt 0:00:05]} Ke7 {[%emt 0:00:03]} 21. f3 {[%emt 0:01:02]} Nd2+ {[%emt 0:00:32]} 22. Kf2 {[%emt 0:00:02]} Qd4+ {[%emt 0:00:03]} 23. Kg3 {[%emt 0:00:05]} g5 {[%emt 0:00:02]} 24. h4 {[%emt 0:00:15]} Bd6+ {[%emt 0:00:03]} 25. f4 {[%emt 0:00:10]} Qxf4+ {[%emt 0:00:06]} 26. Kh3 {[%emt 0:00:08]} Qxh4# {[%emt 0:00:05] (Lag: Av=0.52s, max=1.7s)} 0-1

[Event "Stay Safe Play From Home 177"]
[Site "T#646359Emanuel Laske"]
[Date "2020.05.26"]
[Round "7"]
[White "Mest"]
[Black "Kongle"]
[Result "0-1"]
[WhiteElo "1665"]
[BlackElo "1785"]
[Annotator "NA RC"]
[PlyCount "100"]
[EventDate "2020.05.26"]
[EventType "swiss (blitz)"]

1. e4 {[%emt 0:00:01]} d5 {[%emt 0:00:02]} 2. exd5 {[%emt 0:00:02]} Nf6 {[%emt 0:00:03]} 3. d4 {[%emt 0:00:02]} Nxd5 {[%emt 0:00:01]} 4. Nc3 {[%emt 0:00:01]} Nxc3 {[%emt 0:00:03]} 5. bxc3 {[%emt 0:00:00]} e6 {[%emt 0:00:03]} 6. Nf3 {[%emt 0:00:02]} Bd6 {[%emt 0:00:02]} 7. Bd3 {[%emt 0:00:02]} O-O {[%emt 0:00:02]} 8. O-O {[%emt 0:00:02]} h6 {[%emt 0:00:01]} 9. Re1 {[%emt 0:00:04]} Nd7 {[%emt 0:00:03]} 10. a4 {[%emt 0:00:03]} c5 {[%emt 0:00:02]} 11. Be3 {[%emt 0:00:05]} b6 {[%emt 0:00:05]} 12. Qd2 {[%emt 0:00:06]} Bb7 {[%emt 0:00:02]} 13. Be2 {[%emt 0:00:20]} Qf6 {[%emt 0:00:11]} 14. c4 {[%emt 0:00:14]} Rad8 {[%emt 0:00:06]} 15. d5 {[%emt 0:00:02]} exd5 {[%emt 0:00:03]} 16. cxd5 {[%emt 0:00:01]} Bxd5 {[%emt 0:00:16]} 17. Qxd5 {[%emt 0:00:09]} Ne5 {[%emt 0:00:10]} 18. Nxe5 {[%emt 0:00:09]} Bxe5 {[%emt 0:00:01]} 19. Qa2 {[%emt 0:00:12]} Bxa1 {[%emt 0:00:18]} 20. Rxa1 {[%emt 0:00:05]} Rfe8 {[%emt 0:00:05]} 21. Rf1 {[%emt 0:00:19]} Qc3 {[%emt 0:00:09]} 22. Bc4 {[%emt 0:00:10]} Re7 {[%emt 0:00:06]} 23. Bd3 {[%emt 0:00:13]} Rd6 {[%emt 0:00:13]} 24. h3 {[%emt 0:00:17]} Rc6 {[%emt 0:00:21]} 25. Bb5 {[%emt 0:00:20]} Rg6 {[%emt 0:00:02]} 26. Rd1 {[%emt 0:00:13]} Rxe3 {[%emt 0:00:31]} 27. fxe3 {[%emt 0:00:12]} Qxe3+ {[%emt 0:00:01]} 28. Kh1 {[%emt 0:00:01]} Qf2 {[%emt 0:00:14]} 29. Qd5 {[%emt 0:00:07]} Rg5 {[%emt 0:00:08]} 30. Qf3 {[%emt 0:00:11]} Qxf3 {[%emt 0:00:05]} 31. gxf3 {[%emt 0:00:01]} Rg3 {[%emt 0:00:01]} 32. Rd3 {[%emt 0:00:11]} Rxh3+ {[%emt 0:00:02]} 33. Kg2 {[%emt 0:00:00]} Rh4 {[%emt 0:00:01]} 34. Rd7 {[%emt 0:00:02]} g6 {[%emt 0:00:03]} 35. Rxa7 {[%emt 0:00:02]} c4 {[%emt 0:00:03]} 36. Rc7 {[%emt 0:00:02]} g5 {[%emt 0:00:01]} 37. Rxc4 {[%emt 0:00:01]} Rxc4 {[%emt 0:00:04]} 38. Bxc4 {[%emt 0:00:00]} Kg7 {[%emt 0:00:01]} 39. Bd3 {[%emt 0:00:01]} Kf6 {[%emt 0:00:03]} 40. Kg3 {[%emt 0:00:00]} Ke5 {[%emt 0:00:00]} 41. Kg4 {[%emt 0:00:01]} f6 {[%emt 0:00:02]} 42. Kh5 {[%emt 0:00:03]} f5 {[%emt 0:00:01]} 43. Kxh6 {[%emt 0:00:01]} g4 {[%emt 0:00:01]} 44. fxg4 {[%emt 0:00:05]} fxg4 {[%emt 0:00:01]} 45. Kg5 {[%emt 0:00:02]} g3 {[%emt 0:00:00]} 46. Kg6 {[%emt 0:00:02]} g2 {[%emt 0:00:02]} 47. Kf7 {[%emt 0:00:03]} g1=Q {[%emt 0:00:02]} 48. Ke7 {[%emt 0:00:00]} Qd4 {[%emt 0:00:03]} 49. Kf7 {[%emt 0:00:02]} Qxa4 {[%emt 0:00:01]} 50. Ke7 {[%emt 0:00:01]} b5 {[%emt 0:00:02] Mest terk eder (Lag: Av=0.65s, max=1.1s)} 0-1